Statistics for Word scramble- Classical composers

Click here to take the quiz!

General Stats

  • This quiz has been taken 54 times
  • The average score is 11 of 15

Answer Stats

Answer% Correct
Beethoven
100%
Debussy
100%
Paganini
100%
Rossini
100%
Shostakovich
100%
Verdi
100%
Liszt
91%
Brahms
89%
Ravel
88%
Dukas
83%
Handel
83%
Rachmaninoff
83%
Puccini
80%
Mahler
78%
Mendelssohn
78%
Chopin
75%
Schubert
70%
Bartok
67%
Mussorgsky
67%
Schumann
67%
Berlioz
64%
Sibelius
63%
Dvorak
57%
Britten
56%
Ysaye
50%
Copland
43%
Reich
38%
Suppe
30%
Ligeti
14%
Enescu
10%

Score Distribution

Percentile by Number Answered

Percent of People with Each Score

Your Score History

You have not taken this quiz